000 01137cam a2200349 a 4500
003 OSt
005 20140310184316.0
008 981006s1998 nyua j 000 0 eng d
010 _a 98206156
020 _a059095606
_c$5.99 (US) ; $7.99 (CAN)
035 _a(OCoLC)39667019
040 _aKOpBVU
_cKOpBVU
_dMnSP
_dCoD
_dDLC
042 _alccopycat
043 _an-us-nc
_an-us-tn
050 0 0 _aE 99.C5
_b.R65 1998
100 1 _aRoop, Peter.
_923415
245 1 0 _a...If you lived with the Cherokee /
_cPeter and Connie Roop ; illustrated by Kevin Smith.
260 _aNew York :
_bScholastic,
_c1998.
300 _a79 p. :
_bcol. ill. ;
_c19 cm.
521 _aG6
526 _c800
650 0 _aCherokee Indians
_xJuvenile literature.
_923416
700 1 _aRoop, Connie.
_923417
700 1 _aSmith, Kevin Warren.
_923418
906 _a7
_bcbc
_ccopycat
_d3
_encip
_f19
_gy-gencatlg
942 _2lcc
_cBK-SCHOLAS
999 _c33565
_d33565